Postaw na milion 126 - Statystyki

Ogólne statystyki
  • Ten quiz został rozwiązany 9 razy
  • Średni wynik to 8 z 13
Statystyki odpowiedzi
Zagadnienie Odpowiedź % Poprawnych
Utwór liryczny poświęcony pamięci zmarłego to: tren
100%
Który z zapachów nie jest uzyskiwany z rośliny? piżmo
89%
W którym z tych włoskich miast powstała marka FIAT? Turyn
89%
Który z tych tańców towarzyskich najwcześniej zawojował parkiety Europy? walc
89%
U którego z tych sąsiadów obowiązujący w zimie czas różni się od naszego o 2 godziny? na Białorusi
78%
Gdzie leży Belize? w Ameryce Środkowej
78%
W gwarze góralskiej ognisko pasterskie rozpalone w szałasie to: watra
67%
Który sport wprowadzono wcześniej do programu Igrzysk Olimpijskich? koszykówkę
56%
Który z tych królów Polski panował najdłużej? Zygmunt III Waza
44%
Kto genialnie wcielał się w postać Hermenegildy Kociubińskiej w teatrzyku "Zielona Gęś" Konstantego Ildefonsa Gałczyńskiego? Irena Kwiatkowska
33%
Toccata i fuga d-moll, Aria na strunie G, Koncert na dwoje skrzypiec to przebojowe dzieła: Jana Sebastiana Bacha
33%
Trzech z wymienionych multimiliarderów nie ukończyło szkoły średniej. A który ma nie tylko średnie, ale i wyższe wykształcenie? Warren Buffett
22%
Przyznawane co roku w Gdyni nagrody za osiągnięcia podróżnicze i eksploracyjne to: Kolosy
0%
Nie znaleziono quizów pasujących do podanych kryteriów
Rozkład punktacji
Procent ludzi z każdym wynikiem
Percentyl według liczby udzielonych odpowiedzi
Twoja historia wyników
Nie rozwiązałeś tego quizu